000 00917nam a22002894i 4500
999 _c133847
_d133847
001 991061283362306706
003 ES-BaBAB
005 20260302191448.0
008 250213e202501 spc||||| |||| 000 f cat|c
017 _aDL B 21-2025
_bBiblioteca de Catalunya
020 _a9788410112650
040 _aES-BaCEJ
_bcat
_erda
_cES-BaCEJ
080 _a821.134.1'06-3
100 1 _aDalmau, Alba,
_d1987-
_eautor
_9256941
245 1 0 _aSi una família /
_cAlba Dalmau
250 _aPrimera edició
264 1 _aBarcelona :
_bAngle Editorial,
_cgener de 2025
300 _a346 pàgines ;
_c22 cm
336 _atext
_btxt
_2rdacontent
337 _asense mediació
_bn
_2rdamedia
338 _avolum
_bnc
_2rdacarrier
490 1 _aNarratives ;
_v184
830 0 _aNarratives (Angle Editorial) ;
_v184
_9236772
908 _aCEJFE
_aUB
_aBAB
940 _aCEJFE
942 _2udc
_cLIB
_05